| 000 | 00502nam a2200157 i 4500 | ||
|---|---|---|---|
| 001 | 99620 | ||
| 003 | ES-MaACL | ||
| 005 | 20230906182528.0 | ||
| 007 | t| | ||
| 008 | 050914s1918 sp ||||1| spa d | ||
| 100 | 1 |
_aMartínez del Campo y Keller, Antonio. _978043 |
|
| 245 | 1 | 0 |
_aLibertad condicional _b: su fundamento, legislación y resultados / _cpor Antonio Martínez del Campo y Keller. |
| 260 |
_aMadrid : _bA. de Angel Alcoy, _c1918. |
||
| 300 |
_a180 p. ; _c19 cm. |
||
| 852 |
_aES-MaACL _jF-10090 |
||
| 999 |
_c99620 _d99620 |
||